LEADER 03606oam 2200709I 450 001 9910464047703321 005 20200520144314.0 010 $a1-317-82201-3 010 $a1-315-82015-3 010 $a1-317-82202-1 024 7 $a10.4324/9781315820156 035 $a(CKB)2670000000521177 035 $a(EBL)1619219 035 $a(SSID)ssj0001108326 035 $a(PQKBManifestationID)12502242 035 $a(PQKBTitleCode)TC0001108326 035 $a(PQKBWorkID)11103670 035 $a(PQKB)11773152 035 $a(OCoLC)874173282 035 $a(MiAaPQ)EBC1619219 035 $a(Au-PeEL)EBL1619219 035 $a(CaPaEBR)ebr10836761 035 $a(CaONFJC)MIL573431 035 $a(OCoLC)870228089 035 $a(OCoLC)870272484 035 $a(EXLCZ)992670000000521177 100 $a20180331d2005 uy 0 101 0 $aeng 135 $aur|n|---||||| 181 $ctxt 182 $cc 183 $acr 200 10$aImagining animals $eart, psychotherapy and primitive states of mind /$fCaroline Case 210 1$aLondon ;$aNew York :$cRoutledge,$d2005. 215 $a1 online resource (256 p.) 300 $aDescription based upon print version of record. 311 $a1-58391-958-9 311 $a1-58391-957-0 320 $aIncludes bibliographical references and index. 327 $aCover; Title; Copyright; Dedication; Contents; List of illustrations; Acknowledgements; PART I Introduction: Working with children who are hard to reach; 1 An animal alphabet of our actual and symbolic relationship to animals; 2 Animals on stage in therapy: anthropomorphic animal objects; 3 Animation through the window: the beautiful and the sublime; PART II Introduction: Closeness and separation; 4 Separation and sleeping difficulties: helpful images with sleepless children; 5 The location of self in animals 327 $a6 Entangled and confusional children: analytical approaches to psychotic thinking and autistic features in childhoodPART III Introduction: Case study: the heart and the bone; 7 From calm to chaos and rage; 8 Things that go bump in the night, the 'fish pictures' and the development of clay-work; 9 The heart and the bone; 10 Working towards the end of therapy and conclusions; Bibliography; Index 330 $aImagining Animals explores the making of animal images in art therapy and child psychotherapy. It examines two contrasting primitive states of mind: the investing of the world about us with life through animism and participation mystique, and the lifeless world of autistic states of mind encountered in children who are hard to reach.Caroline Case examines how the emergence of animal imagery in therapy can act as a powerful catalyst for children in autistic states of mind, or with a background of trauma, abuse or depression. She also looks at animal / human relationships, 606 $aArt therapy for children 606 $aImagery (Psychology) in children 606 $aAnimals$xPsychological aspects 606 $aAnimals$xTherapeutic use 606 $aAutistic children$xRehabilitation 608 $aElectronic books. 615 0$aArt therapy for children. 615 0$aImagery (Psychology) in children. 615 0$aAnimals$xPsychological aspects. 615 0$aAnimals$xTherapeutic use. 615 0$aAutistic children$xRehabilitation. 676 $a616.89/1656/083 700 $aCase$b Caroline$f1948,$0977253 801 0$bMiAaPQ 801 1$bMiAaPQ 801 2$bMiAaPQ 906 $aBOOK 912 $a9910464047703321 996 $aImagining animals$92226183 997 $aUNINA LEADER 03408oam 2200661Ia 450 001 9910780552603321 005 20231023184605.0 010 $a1-282-03603-3 010 $a9786612036033 010 $a1-4438-0316-2 035 $a(CKB)2420000000004658 035 $a(EBL)1133007 035 $a(OCoLC)815768880 035 $a(SSID)ssj0000304559 035 $a(PQKBManifestationID)11256278 035 $a(PQKBTitleCode)TC0000304559 035 $a(PQKBWorkID)10285337 035 $a(PQKB)10024116 035 $a(Au-PeEL)EBL1133007 035 $a(CaPaEBR)ebr10677223 035 $a(CaONFJC)MIL203603 035 $a(OCoLC)929646495 035 $a(FlNmELB)ELB108043 035 $a(MiAaPQ)EBC1133007 035 $a(PPN)24322074X 035 $a(EXLCZ)992420000000004658 100 $a20090304d2009 uy e 101 0 $aeng 135 $aur|n|---||||| 181 $ctxt$2rdacontent 182 $cc$2rdamedia 183 $acr$2rdacarrier 200 04$aThe Nordic storyteller $eessays in honour of Niels Ingwersen /$fedited by Susan Brantly and Thomas A. DuBois 210 1$aNewcastle upon Tyne, UK :$cCambridge Scholars Publishing,$d2009. 215 $a1 online resource (vii, 420 pages) 311 0 $a1-4438-0145-3 320 $aIncludes bibliographical references. 327 $aTABLE OF CONTENTS; LIST OF ILLUSTRATIONS; NIELS INGWERSEN: AN APPRECIATION; SONGS AND TALES IN ORAL TRADITION; "RIDDAR SANCTE ORRIAN"; TRAUMATIC TRANSFORMATIONS; BY FAITH ALONE?; THE STRONG WIFE; CARL GUNDERSEN'S TRIP TO THE LUMBER CAMP; EQQAAMAVARA, I REMEMBER; TELLING STORIES TO A NATIONAL ARCHIVE; FROM ORAL TRADITION TO LITERATURE; ASBJØRNSEN AT RONDENE; FRITHIOF'S MOTLEY COUSINS; PICTURE AS STORY; TALES IN LITERARY FORM; "HVAD SIGER DEN LILLE SOMMERGJÆK?"; PROLEGOMENA TO A NON-EXTANT TRANSLATION OF DET GRAA HUS; "THE WOODS TAKE REVENGE"; THE ADVENTURES OF DAVID COPPERFIELD IN NOVA SCOTIA 327 $aTONIO KRO?GER'S IMAGINED DENMARK; ISAK DINESEN AND THE LESSONS OF SCHEHERAZADE; PELLE EROBEREN; PERCEPTIONS OF EDUCATION AND LEARNING FROM STOLEN SPRING TO BORDERLINERS; REFLECTIONS ON THE POLITICAL CLIMATE IN AN APOLITICAL WORLD; CONTRIBUTORS 330 $aThe Nordic Storyteller: Essays in Honour of Niels Ingwersen consists of a set of nineteen research essays plus an introduction, written by colleagues and admirers of Niels and Faith Ingwersen, leaders in the field of Scandinavian Studies in North America for some four decades. A first section of seven essays, entitled "Songs and Tales in Oral Tradition," presents research in the area of folklore studies, including balladry, saints' lives, incantations, healing, legendry, and personal experie... 606 $aFolk literature$xHistory and criticism 606 $aTales$zScandinavia$xHistory and criticism 606 $aSongs$zScandinavia$xHistory and criticism 606 $aFolklore$zScandinavia$xHistory 615 0$aFolk literature$xHistory and criticism. 615 0$aTales$xHistory and criticism. 615 0$aSongs$xHistory and criticism. 615 0$aFolklore$xHistory. 676 $a398.20948 701 $aBrantly$b Susan$0866872 701 $aDuBois$b Thomas A$g(Thomas Andrew),$f1960-$01526627 801 0$bMiAaPQ 801 1$bMiAaPQ 801 2$bMiAaPQ 906 $aBOOK 912 $a9910780552603321 996 $aThe Nordic storyteller$93768784 997 $aUNINA